Myosin IXb variants and their pivotal role in maintaining the intestinal barrier a study in Crohn's disease /
Our data suggest a link between MYO9B variants to an increased intestinal permeability in CD patients. This supports the influence of Myosin IXb on the integrity of the epithelial barrier. The role of MYO9B variants in the overall susceptibility to IBD, however, remains to be elucidated.
Elmentve itt :
| Szerzők: | |
|---|---|
| Dokumentumtípus: | Cikk |
| Megjelent: |
Informa Healthcare
2014-10
|
| Sorozat: | Scandinavian journal of gastroenterology
49 No. 10 |
| doi: | 10.3109/00365521.2014.928903 |
| mtmt: | 2719739 |
| Online Access: | http://publicatio.bibl.u-szeged.hu/5204 |
| LEADER | 01406nab a2200325 i 4500 | ||
|---|---|---|---|
| 001 | publ5204 | ||
| 005 | 20181008122519.0 | ||
| 008 | 150409s2014 hu o 0|| zxx d | ||
| 022 | |a 1502-7708 | ||
| 024 | 7 | |a 10.3109/00365521.2014.928903 |2 doi | |
| 024 | 7 | |a 2719739 |2 mtmt | |
| 040 | |a SZTE Publicatio Repozitórium |b hun | ||
| 041 | |a zxx | ||
| 100 | 1 | |a Prager Matthias | |
| 245 | 1 | 0 | |a Myosin IXb variants and their pivotal role in maintaining the intestinal barrier |h [elektronikus dokumentum] : |b a study in Crohn's disease / |c Prager Matthias |
| 260 | |a Informa Healthcare |c 2014-10 | ||
| 300 | |a 1191-2000 | ||
| 490 | 0 | |a Scandinavian journal of gastroenterology |v 49 No. 10 | |
| 520 | 3 | |a Our data suggest a link between MYO9B variants to an increased intestinal permeability in CD patients. This supports the influence of Myosin IXb on the integrity of the epithelial barrier. The role of MYO9B variants in the overall susceptibility to IBD, however, remains to be elucidated. | |
| 700 | 0 | 1 | |a Durmus Tahir |e aut |
| 700 | 0 | 1 | |a Büttner Janine |e aut |
| 700 | 0 | 1 | |a Molnár Tamás |e aut |
| 700 | 0 | 2 | |a de Jong Dirk J |e aut |
| 700 | 0 | 2 | |a Drenth Joost Ph |e aut |
| 700 | 0 | 2 | |a Baumgart Daniel C |e aut |
| 700 | 0 | 2 | |a Sturm Andreas |e aut |
| 700 | 0 | 2 | |a Farkas Klaudia |e aut |
| 700 | 0 | 2 | |a Witt Heiko |e aut |
| 700 | 0 | 2 | |a Büning Carsten |e aut |
| 856 | 4 | 0 | |u http://publicatio.bibl.u-szeged.hu/5204/1/2719739.pdf |z Dokumentum-elérés |